[Event "Junior Online 4NCL Division 4"]
[Site "online"]
[Date "2022.01.20"]
[EventDate "2022.01.20"]
[Round "1.112"]
[White "Lewis, Tom"]
[WhiteElo "900"]
[WhiteTeam "Edgware Gambits H"]
[Black "Lowe, Catherine"]
[BlackElo "1265"]
[BlackTeam "Hilsmark Juniors 1"]
[Result "0-1"]
[PlyCount "80"]

1. e4 c5 2. Nc3 d6 3. Nf3 Nc6 4. Bc4 Nf6 5. O-O g6 6. d3 Bg7 7. Bg5 O-O 8. b3 Na5 9. Bxf6 Bxf6 10. a4 Bxc3 11. Rc1 Nxc4 12. bxc4 Bd7 13. a5 Bxa5 14. h3 Bc3 15. Rb1 Bc6 16. Rb3 Bg7 17. Rb1 Re8 18. Qe1 e6 19. c3 f5 20. Rd1 fxe4 21. dxe4 d5 22. Qe2 d4 23. Qe1 b5 24. cxd4 cxd4 25. g3 bxc4 26. Qe2 d3 27. Qa2 Bxe4 28. Nd2 Bb7 29. Qxc4 Rc8 30. Qf4 Rf8 31. Qe3 Re8 32. Rde1 Bd5 33. Qxa7 Bc3 34. Qe3 Bxd2 35. Qxd2 Bc4 36. Rc1 e5 37. h4 e4 38. Qh6 Bf7 39. Rcd1 Bc4 40. Qxg6+ hxg6 0-1

[Event "Junior Online 4NCL Division 4"]
[Site "online"]
[Date "2022.01.20"]
[EventDate "2022.01.20"]
[Round "1.114"]
[White "Szajman, Benjamin"]
[WhiteElo "790"]
[WhiteTeam "Edgware Gambits H"]
[Black "Nguyen, Hien-Lam"]
[BlackElo "1228"]
[BlackTeam "Hilsmark Juniors 1"]
[Result "1-0"]
[PlyCount "125"]

1. e4 e5 2. Nf3 Nc6 3. Bc4 Bc5 4. O-O Nf6 5. d3 O-O 6. Bg5 Nd4 7. Nxd4 Bxd4 8. Bxf6 Qxf6 9. c3 Bc5 10. d4 exd4 11. cxd4 Bxd4 12. Qb3 Qg6 13. Qd3 d5 14. exd5 Bh3 15. Qxg6 fxg6 16. d6+ Kh8 17. dxc7 Rac8 18. Be6 Rxc7 19. Bxh3 g5 20. Bg4 g6 21. Be2 Bxb2 22. Bd3 Bxa1 23. g3 Bd4 24. h4 gxh4 25. gxh4 h5 26. Bxg6 Bxf2+ 27. Rxf2 Rxf2 28. Kxf2 Kg7 29. Bxh5 Rf7+ 30. Bxf7 Kxf7 31. Kg3 Kg7 32. Kg4 Kh6 33. h5 b5 34. Nd2 a5 35. Nb1 a4 36. Nc3 Kh7 37. Kg5 b4 38. Nxa4 b3 39. axb3 Kg7 40. b4 Kf7 41. b5 Ke7 42. b6 Kd7 43. b7 Kc7 44. Nc5 Kc6 45. b8=Q Kxc5 46. Qd8 Kc6 47. h6 Kc5 48. h7 Kc6 49. h8=Q Kc5 50. Kg6 Kc6 51. Kg7 Kc5 52. Kg8 Kc6 53. Qg5 Kd6 54. Qh7 Ke6 55. Qgh6+ Ke5 56. Q7g6 Kd5 57. Qhh5+ Kd4 58. Qgg4+ Ke3 59. Qhh3+ Kf2 60. Qa3 Kf1 61. Qgb4 Ke2 62. Qbb2+ Kd1 63. Qaa1# 1-0

[Event "Junior Online 4NCL Division 4"]
[Site "online"]
[Date "2022.01.20"]
[EventDate "2022.01.20"]
[Round "1.115"]
[White "Vijayadeva, Ishani"]
[WhiteElo "1000"]
[WhiteTeam "Edgware Gambits H"]
[Black "Nguyen, Khai-Tam"]
[BlackElo "1588"]
[BlackTeam "Hilsmark Juniors 1"]
[Result "0-1"]
[PlyCount "70"]

1. e4 e5 2. Nf3 Nc6 3. d3 d5 4. exd5 Qxd5 5. c4 Qd8 6. d4 exd4 7. Bd3 Nf6 8. Nc3 Bg4 9. Ne4 Bxf3 10. Qxf3 Nxe4 11. Bxe4 Ne5 12. Qf4 Bd6 13. O-O c5 14. h3 b6 15. b3 Nxc4 16. bxc4 Bxf4 17. g3 Bxc1 18. Raxc1 O-O 19. Bxa8 Qxa8 20. Rfe1 Qc8 21. a3 Qxh3 22. Re7 h6 23. Rxa7 Qc8 24. a4 Qb8 25. Ra6 Qb7 26. Ra5 bxa5 27. f3 Qxf3 28. Rb1 Qxg3+ 29. Kf1 Qh2 30. Rb5 Qh3+ 31. Kf2 Re8 32. Rxa5 Qh2+ 33. Kf3 Re3+ 34. Kg4 Qg3+ 35. Kf5 Qg5# 0-1

[Event "Junior Online 4NCL Division 4"]
[Site "online"]
[Date "2022.01.20"]
[EventDate "2022.01.20"]
[Round "1.116"]
[White "Lowe, Catherine"]
[WhiteElo "1265"]
[WhiteTeam "Hilsmark Juniors 1"]
[Black "Lewis, Tom"]
[BlackElo "900"]
[BlackTeam "Edgware Gambits H"]
[Result "1-0"]
[PlyCount "119"]

1. e4 e5 2. Nf3 Nc6 3. Bc4 Nf6 4. Nc3 Bc5 5. O-O d6 6. h3 h6 7. a3 O-O 8. Nd5 Nxe4 9. d3 Nf6 10. Be3 Nxd5 11. Bxd5 Bxe3 12. fxe3 Be6 13. Be4 Bd7 14. d4 exd4 15. exd4 Be6 16. d5 Bf5 17. Bxf5 Ne5 18. Nxe5 dxe5 19. Be4 c6 20. dxc6 Qxd1 21. Rfxd1 bxc6 22. Bxc6 Rac8 23. Be4 Rc4 24. Bd3 Rd4 25. c3 Rd6 26. Bh7+ Kxh7 27. Rxd6 e4 28. Ra6 e3 29. Rxa7 Re8 30. Kf1 e2+ 31. Kf2 g5 32. Re1 Re6 33. Rxe2 Rf6+ 34. Kg1 g4 35. hxg4 Kg6 36. Re1 Kg5 37. Rb1 Kxg4 38. b4 Kg3 39. b5 Rb6 40. Rxf7 h5 41. Rg7+ Kf4 42. a4 Ke3 43. a5 Rd6 44. b6 Rc6 45. b7 Rxc3 46. Re7+ Kd3 47. b8=Q Kc2 48. Re2+ Kd3 49. Qe5 Kc4 50. Rc1 Rxc1+ 51. Kh2 Rc3 52. Qxc3+ Kxc3 53. a6 Kb4 54. a7 Kc3 55. a8=Q Kd3 56. Re7 Kc4 57. Qd8 Kc5 58. Rc7+ Kb6 59. Qb8+ Ka6 60. Ra7# 1-0

[Event "Junior Online 4NCL Division 4"]
[Site "online"]
[Date "2022.01.20"]
[EventDate "2022.01.20"]
[Round "1.118"]
[White "Nguyen, Hien-Lam"]
[WhiteElo "1228"]
[WhiteTeam "Hilsmark Juniors 1"]
[Black "Szajman, Benjamin"]
[BlackElo "790"]
[BlackTeam "Edgware Gambits H"]
[Result "1-0"]
[PlyCount "61"]

1. e4 e5 2. Nf3 Nc6 3. Bd3 Nf6 4. c3 Be7 5. Bc2 O-O 6. d4 exd4 7. cxd4 Bb4+ 8. Bd2 Bxd2+ 9. Qxd2 d6 10. Qd3 Nb4 11. Qc3 Nxc2+ 12. Qxc2 Qe7 13. Ng5 Nxe4 14. Nxe4 d5 15. O-O dxe4 16. Re1 Re8 17. Nc3 Bf5 18. f3 Rad8 19. d5 c6 20. fxe4 cxd5 21. exf5 Qd7 22. Rad1 Rf8 23. Ne4 dxe4 24. Rxd7 Rxd7 25. Qxe4 Rdd8 26. Re2 g6 27. fxg6 hxg6 28. Re3 f6 29. Qxg6+ Kh8 30. Re7 Rg8 31. Qh7# 1-0

[Event "Junior Online 4NCL Division 4"]
[Site "online"]
[Date "2022.01.20"]
[EventDate "2022.01.20"]
[Round "1.121"]
[White "Pandian, Naren"]
[WhiteElo "1003"]
[WhiteTeam "Uxbridge D"]
[Black "Knott, Harry"]
[BlackElo "1258"]
[BlackTeam "Hilsmark Juniors 2"]
[Result "0-1"]
[PlyCount "40"]

1. e4 e5 2. Nf3 Nc6 3. Bc4 Nf6 4. O-O Nxe4 5. Nc3 Nxc3 6. dxc3 Bc5 7. Qd5 O-O 8. Nxe5 Nxe5 9. Qxe5 b6 10. b4 Bd6 11. Qe2 Qh4 12. f4 Bb7 13. a4 Rfe8 14. Qd3 Qg4 15. g3 Qh3 16. Rf2 a5 17. Bd2 h6 18. bxa5 Bc5 19. axb6 Bxf2+ 20. Kxf2 Qg2# 0-1

[Event "Junior Online 4NCL Division 4"]
[Site "online"]
[Date "2022.01.20"]
[EventDate "2022.01.20"]
[Round "1.122"]
[White "Sanchez-Montiel, Andy"]
[WhiteElo "1235"]
[WhiteTeam "Hilsmark Juniors 2"]
[Black "Bhargava, Arnav"]
[BlackElo "890"]
[BlackTeam "Uxbridge D"]
[Result "0-1"]
[PlyCount "76"]

1. d4 d5 2. Nc3 Nf6 3. Nf3 e6 4. e3 c5 5. Bb5+ Bd7 6. dxc5 Bxc5 7. O-O Bb4 8. a3 Bxc3 9. bxc3 Bxb5 10. Rb1 Bxf1 11. Qxf1 O-O 12. Rxb7 Qd6 13. Qd1 e5 14. e4 Nxe4 15. Ng5 Nxc3 16. Bb2 Nxd1 17. Nf3 Nxb2 18. Nd2 Qxa3 19. g3 Nc4 20. Nb1 Qc1+ 21. Kg2 Nd6 22. Nc3 Nxb7 23. Nxd5 Qxc2 24. Ne3 Qc6+ 25. f3 Rd8 26. Nf1 Rd2+ 27. Nxd2 Qc2 28. Kh3 Qxd2 29. f4 exf4 30. gxf4 Qxf4 31. Kg2 Nc5 32. Kh3 Ne4 33. Kg2 Qf2+ 34. Kh3 Ng5+ 35. Kg4 Qg2+ 36. Kh5 g6+ 37. Kh6 Qg4 38. h3 Qh4# 0-1

[Event "Junior Online 4NCL Division 4"]
[Site "online"]
[Date "2022.01.20"]
[EventDate "2022.01.20"]
[Round "1.123"]
[White "Bhargava, Aarav"]
[WhiteElo "818"]
[WhiteTeam "Uxbridge D"]
[Black "Fung, Jacob"]
[BlackElo "1160"]
[BlackTeam "Hilsmark Juniors 2"]
[Result "0-1"]
[PlyCount "66"]

1. e4 e5 2. Nf3 Nc6 3. Bd3 Bd6 4. O-O Nf6 5. Nc3 O-O 6. Bc4 Nd4 7. d3 Qe7 8. Be3 Bc5 9. Rb1 d6 10. Nd5 Nxd5 11. Bxd5 c6 12. Bg5 Qd7 13. Bc4 d5 14. Be3 dxc4 15. dxc4 b5 16. Nd2 a6 17. a3 b4 18. a4 Qe6 19. Ra1 a5 20. h3 Ba6 21. b3 Rfd8 22. Qh5 g6 23. Qh6 Be7 24. Rae1 Nxc2 25. Rc1 Nd4 26. f3 Nxb3 27. Rc2 Nd4 28. Rcc1 Ne2+ 29. Kh1 Nxc1 30. Nb3 Nxb3 31. Bb6 Rd2 32. Re1 Bxc4 33. Bc7 Rc8 0-1

[Event "Junior Online 4NCL Division 4"]
[Site "online"]
[Date "2022.01.20"]
[EventDate "2022.01.20"]
[Round "1.124"]
[White "Pal, Rishit"]
[WhiteElo "647"]
[WhiteTeam "Hilsmark Juniors 2"]
[Black "Brown, Adam"]
[BlackElo "792"]
[BlackTeam "Uxbridge D"]
[Result "1-0"]
[PlyCount "73"]

1. e4 e5 2. Nf3 d5 3. exd5 Qxd5 4. Nc3 Qc5 5. Bb5+ c6 6. Bd3 Nf6 7. O-O Ng4 8. Qe2 g6 9. Be4 Bf5 10. Bxf5 gxf5 11. Ng5 Bh6 12. Nh3 O-O 13. d3 f4 14. Qxg4+ Bg7 15. Na4 Qxc2 16. d4 Qxa4 17. dxe5 f6 18. exf6 Rxf6 19. Nxf4 Nd7 20. Qxd7 Qxf4 21. Bxf4 Rxf4 22. Qxb7 Bxb2 23. Qxa8+ Kg7 24. Qb7+ Kf6 25. Qxb2+ Kf5 26. g3 Rf3 27. Qb3 Rxb3 28. axb3 c5 29. Rfc1 Ke4 30. Rxc5 Kd4 31. Rc7 a5 32. Rxh7 Kc5 33. Rxa5+ Kb4 34. Rg5 Kxb3 35. Rc7 Kb4 36. Rg8 Kb5 37. Rb8+ 1-0

[Event "Junior Online 4NCL Division 4"]
[Site "online"]
[Date "2022.01.20"]
[EventDate "2022.01.20"]
[Round "1.125"]
[White "Knott, Harry"]
[WhiteElo "1258"]
[WhiteTeam "Hilsmark Juniors 2"]
[Black "Pandian, Naren"]
[BlackElo "1003"]
[BlackTeam "Uxbridge D"]
[Result "0-1"]
[PlyCount "118"]

1. e4 e5 2. Nc3 Nc6 3. Nf3 Nf6 4. Bd3 Bc5 5. O-O O-O 6. b3 h6 7. Bc4 d6 8. h3 a6 9. Qe2 b5 10. b4 Bxb4 11. Bb3 Bc5 12. Bb2 Nh5 13. Rad1 Nf4 14. Qe1 b4 15. Ba4 Bb7 16. Bxc6 Bxc6 17. Ne2 Nxh3+ 18. gxh3 Qf6 19. Ng3 Qxf3 20. Qe2 Qxe2 21. Nxe2 Bxe4 22. d3 Bf3 23. Rfe1 Bxe2 24. Rxe2 Rae8 25. Rde1 Re7 26. d4 Bb6 27. c3 bxc3 28. Bxc3 f6 29. Kh1 Kf7 30. Kg2 Rfe8 31. Kg3 exd4 32. Rxe7+ Rxe7 33. Bd2 Rxe1 34. Bxe1 c5 35. Kf3 c4 36. Ke2 c3 37. Kd1 Bc5 38. a4 a5 39. h4 g5 40. hxg5 fxg5 41. f3 Kg6 42. Kc2 h5 43. Kd3 h4 44. Bf2 h3 45. Bg3 Kf5 46. Kc4 g4 47. Kd5 gxf3 48. Kc4 f2 49. Bxf2 h2 50. Kb5 h1=Q 51. Kxa5 Qa8+ 52. Kb5 c2 53. a5 Qb7+ 54. Kc4 Ke5 55. Kd3 c1=Q 56. Ke2 Qbb2+ 57. Kf3 Qcc3+ 58. Kg2 Qe3 59. Kf1 Qexf2# 0-1

[Event "Junior Online 4NCL Division 4"]
[Site "online"]
[Date "2022.01.20"]
[EventDate "2022.01.20"]
[Round "1.126"]
[White "Bhargava, Arnav"]
[WhiteElo "890"]
[WhiteTeam "Uxbridge D"]
[Black "Sanchez-Montiel, Andy"]
[BlackElo "1235"]
[BlackTeam "Hilsmark Juniors 2"]
[Result "1-0"]
[PlyCount "33"]

1. d4 d5 2. Bf4 e6 3. Nf3 Nh6 4. e3 Nc6 5. c4 Bd6 6. Nc3 O-O 7. Rc1 Nf5 8. cxd5 exd5 9. Nxd5 Bb4+ 10. Nxb4 Nxb4 11. a3 Na6 12. Qd3 Nc5 13. Rxc5 Ne7 14. Ng5 Bf5 15. Rxf5 Nc6 16. Rc5 Ne7 17. Qxh7# 1-0

[Event "Junior Online 4NCL Division 4"]
[Site "online"]
[Date "2022.01.20"]
[EventDate "2022.01.20"]
[Round "1.127"]
[White "Fung, Jacob"]
[WhiteElo "1160"]
[WhiteTeam "Hilsmark Juniors 2"]
[Black "Bhargava, Aarav"]
[BlackElo "818"]
[BlackTeam "Uxbridge D"]
[Result "1-0"]
[PlyCount "37"]

1. e4 e5 2. Bd3 Nf6 3. Nf3 Bc5 4. Nxe5 Ng4 5. Rf1 Nxe5 6. f4 Qh4+ 7. g3 Qxh2 8. b3 Qxg3+ 9. Ke2 Qg4+ 10. Ke1 Bd4 11. c3 Nbc6 12. fxe5 Bf2+ 13. Rxf2 Qg1+ 14. Bf1 Nxe5 15. Qh5 g6 16. Qxe5+ Kf8 17. Qxh8+ Ke7 18. Qf6+ Kf8 19. Qxf7# 1-0

[Event "Junior Online 4NCL Division 4"]
[Site "online"]
[Date "2022.01.20"]
[EventDate "2022.01.20"]
[Round "1.131"]
[White "Fearn, Elliot"]
[WhiteElo "1100"]
[WhiteTeam "Wanstead Warriors D"]
[Black "Cole, Ted"]
[BlackElo "850"]
[BlackTeam "Surrey Kings 5"]
[Result "0-1"]
[PlyCount "54"]

1. e4 e5 2. Nc3 Nf6 3. f4 d6 4. Nd5 Nxd5 5. exd5 exf4 6. d4 Qe7+ 7. Qe2 h5 8. Qxe7+ Bxe7 9. Bxf4 Bh4+ 10. Bg3 Bf6 11. O-O-O Bg4 12. Be2 Bg5+ 13. Kb1 Bxe2 14. Nxe2 O-O 15. Nf4 Bxf4 16. Bxf4 Nd7 17. Rhe1 Nf6 18. Bg5 Nxd5 19. Be7 Rfe8 20. Bg5 Rxe1 21. Rxe1 f6 22. Bh4 Nf4 23. g3 Ng2 24. Re2 Nxh4 25. gxh4 f5 26. Re7 f4 27. Rxc7 f3 0-1

[Event "Junior Online 4NCL Division 4"]
[Site "online"]
[Date "2022.01.20"]
[EventDate "2022.01.20"]
[Round "1.132"]
[White "Choi, Ethan"]
[WhiteElo "927"]
[WhiteTeam "Surrey Kings 5"]
[Black "Dasari, Karthik"]
[BlackElo "1070"]
[BlackTeam "Wanstead Warriors D"]
[Result "1-0"]
[PlyCount "33"]

1. e4 e5 2. Nf3 Nc6 3. Bc4 Bc5 4. d3 Nf6 5. Nc3 O-O 6. Bg5 d6 7. Nd5 Bg4 8. Nxf6+ gxf6 9. Bh6 Re8 10. h3 Bh5 11. g4 Bg6 12. h4 Nd4 13. h5 Nxf3+ 14. Qxf3 a6 15. hxg6 hxg6 16. g5 fxg5 17. Qxf7+ 1-0

[Event "Junior Online 4NCL Division 4"]
[Site "online"]
[Date "2022.01.20"]
[EventDate "2022.01.20"]
[Round "1.133"]
[White "Shivhare, Shaurya"]
[WhiteElo "1075"]
[WhiteTeam "Wanstead Warriors D"]
[Black "Liu, Kieron"]
[BlackElo "458"]
[BlackTeam "Surrey Kings 5"]
[Result "1-0"]
[PlyCount "58"]

1. e4 e5 2. Nf3 Nc6 3. Bc4 Nd4 4. Nxe5 Qg5 5. Nf3 Qxg2 6. Rg1 Nxf3+ 7. Ke2 Nxg1+ 8. Ke3 Bc5+ 9. d4 Qg5+ 10. Kd3 Qg2 11. Qh5 d5 12. Bxd5 g6 13. Qe5+ Be6 14. Bxe6 fxe6 15. Qxh8 O-O-O 16. Kc3 Qf3+ 17. Be3 Qxe4 18. dxc5 Ne2+ 19. Kb3 Qd5+ 20. c4 Qd1+ 21. Ka3 Rd3+ 22. b3 Nc1 23. Qxg8+ Kd7 24. Qxh7+ Kc6 25. Bxc1 Qxc1+ 26. Kb4 Qb2 27. Qxg6 Qxa1 28. Qxd3 Qxa2 29. Nc3 a5# 0-1

[Event "Junior Online 4NCL Division 4"]
[Site "online"]
[Date "2022.01.20"]
[EventDate "2022.01.20"]
[Round "1.134"]
[White "Kim, Ian"]
[WhiteElo "400"]
[WhiteTeam "Surrey Kings 5"]
[Black "Vege, Sanjith"]
[BlackElo "793"]
[BlackTeam "Wanstead Warriors D"]
[Result "1/2-1/2"]
[PlyCount "77"]

1. e4 e5 2. f3 Nc6 3. Ne2 Nf6 4. b3 d6 5. c4 a6 6. d3 b5 7. Nbc3 Rb8 8. Ba3 Be7 9. Rb1 Na7 10. Bb2 Bb7 11. g4 O-O 12. h3 h6 13. Bg2 Qd7 14. Rf1 c5 15. Bh1 bxc4 16. dxc4 Bc6 17. Qc1 a5 18. Qd1 Rbd8 19. Rf2 d5 20. exd5 Nxd5 21. cxd5 Bxd5 22. Nxd5 Qxd5 23. Qc2 Nb5 24. Rd1 Qb7 25. f4 exf4 26. Bxb7 Rxd1+ 27. Kxd1 Nd6 28. Bh1 f5 29. gxf5 Nxf5 30. Rxf4 Ne3+ 31. Kd2 Nxc2 32. Rxf8+ Bxf8 33. Kxc2 g5 34. Bd5+ Kh7 35. Be4+ Kg8 36. Bd5+ Kh7 37. Be4+ Kg8 38. Bd5+ Kh7 39. Be4+ 1/2-1/2

[Event "Junior Online 4NCL Division 4"]
[Site "online"]
[Date "2022.01.20"]
[EventDate "2022.01.20"]
[Round "1.135"]
[White "Cole, Ted"]
[WhiteElo "850"]
[WhiteTeam "Surrey Kings 5"]
[Black "Fearn, Elliot"]
[BlackElo "1100"]
[BlackTeam "Wanstead Warriors D"]
[Result "0-1"]
[PlyCount "42"]

1. e4 e6 2. d4 d5 3. Nc3 c5 4. Nf3 Nc6 5. Bb5 Qc7 6. g3 dxe4 7. Nxe4 cxd4 8. Nxd4 e5 9. Nxc6 bxc6 10. Ba4 Qa5+ 11. Nc3 Bb4 12. Bxc6+ Ke7 13. Bxa8 Bxc3+ 14. Bd2 Bxd2+ 15. Qxd2 Qxd2+ 16. Kxd2 Nf6 17. Rae1 Rd8+ 18. Kc1 Kf8 19. Rxe5 Bg4 20. Bc6 Rd6 21. Rd1 Rxd1# 0-1

[Event "Junior Online 4NCL Division 4"]
[Site "online"]
[Date "2022.01.20"]
[EventDate "2022.01.20"]
[Round "1.136"]
[White "Dasari, Karthik"]
[WhiteElo "1070"]
[WhiteTeam "Wanstead Warriors D"]
[Black "Choi, Ethan"]
[BlackElo "927"]
[BlackTeam "Surrey Kings 5"]
[Result "1-0"]
[PlyCount "83"]

1. e4 e5 2. Nf3 Nc6 3. Bc4 Bc5 4. Nxe5 Nxe5 5. d4 Nxc4 6. dxc5 Nf6 7. Bg5 O-O 8. Qd4 Na5 9. e5 Nc6 10. Qc3 Qe8 11. O-O Nxe5 12. Re1 Ne4 13. Rxe4 f6 14. Bf4 Qh5 15. Nd2 Ng4 16. Qc4+ d5 17. Qb3 Qxh2+ 18. Bxh2 Kh8 19. Re7 h6 20. Qxd5 f5 21. Rxc7 f4 22. Qd4 f3 23. Rxg7 fxg2 24. Rxg4+ Kh7 25. Rg7+ Kh8 26. Rxg2+ Kh7 27. Rg7+ Kh8 28. Rxb7+ Kg8 29. Rg7+ Kh8 30. Rxa7+ Kg8 31. Rxa8 Rf7 32. Rxc8+ Kh7 33. Qe4+ Kg7 34. Be5+ Rf6 35. Qg4+ Kf7 36. Bxf6 Kxf6 37. Re8 Kf7 38. Re3 Kf6 39. Qf4+ Kg6 40. Rg3+ Kh7 41. Qf7+ Kh8 42. Qg8# 1-0

[Event "Junior Online 4NCL Division 4"]
[Site "online"]
[Date "2022.01.20"]
[EventDate "2022.01.20"]
[Round "1.137"]
[White "Liu, Kieron"]
[WhiteElo "458"]
[WhiteTeam "Surrey Kings 5"]
[Black "Shivhare, Shaurya"]
[BlackElo "1075"]
[BlackTeam "Wanstead Warriors D"]
[Result "1-0"]
[PlyCount "48"]

1. e4 e5 2. Nf3 Nc6 3. Bb5 a6 4. Ba4 Nf6 5. O-O Nxe4 6. Re1 Nf6 7. d4 e4 8. Ng5 Be7 9. Nxe4 Nxe4 10. Rxe4 O-O 11. Bf4 b5 12. Bb3 Bb7 13. c4 Na5 14. Re3 Nxb3 15. Qxb3 bxc4 16. Qxb7 Rb8 17. Qxa6 Rxb2 18. Nc3 Bh4 19. g3 Bg5 20. Bxg5 Qxg5 21. Ne4 Qf5 22. Qxc4 c6 23. Nd6 Qxf2+ 24. Kh1 Qg2# 0-1

[Event "Junior Online 4NCL Division 4"]
[Site "online"]
[Date "2022.01.20"]
[EventDate "2022.01.20"]
[Round "1.138"]
[White "Vege, Sanjith"]
[WhiteElo "793"]
[WhiteTeam "Wanstead Warriors D"]
[Black "Kim, Ian"]
[BlackElo "400"]
[BlackTeam "Surrey Kings 5"]
[Result "1-0"]
[PlyCount "43"]

1. e4 e5 2. Nf3 d6 3. d4 b5 4. dxe5 dxe5 5. Nxe5 Bb4+ 6. c3 Ba5 7. Nf3 Nd7 8. Bxb5 f6 9. O-O Bb7 10. Bf4 h6 11. h4 g5 12. hxg5 fxg5 13. Nxg5 hxg5 14. Bxg5 Qxg5 15. Qxd7+ Kf8 16. Qxc7 Rc8 17. Qxb7 Rd8 18. Na3 Qe5 19. f4 Qxf4 20. Rxf4+ Nf6 21. Rxf6+ Kg8 22. Qf7# 1-0

[Event "Junior Online 4NCL Division 4"]
[Site "online"]
[Date "2022.01.20"]
[EventDate "2022.01.20"]
[Round "1.151"]
[White "Syed-Hoque, Yaqub"]
[WhiteElo "1179"]
[WhiteTeam "Cambridge Chess & Go B"]
[Black "Walker, Rhys"]
[BlackElo "875"]
[BlackTeam "Knights of Fishponds"]
[Result "1-0"]
[PlyCount "57"]

1. e4 e5 2. Nc3 Nc6 3. Bc4 Nf6 4. d3 Bc5 5. f4 d6 6. h3 O-O 7. Nf3 b5 8. Bxb5 Bd7 9. Na4 Bb4+ 10. c3 Ba5 11. O-O Nh5 12. Bxc6 Bxc6 13. fxe5 dxe5 14. Nxe5 Bxa4 15. Qxh5 Be8 16. Qe2 f6 17. Nc4 c6 18. d4 Bc7 19. Bf4 Bxf4 20. Rxf4 Bf7 21. Ne3 Qe8 22. Raf1 Bh5 23. Qf2 Qf7 24. Qg3 Be2 25. R1f2 Bh5 26. e5 Qe7 27. Rxf6 Rxf6 28. exf6 Qe4 29. Qxg7# 1-0

[Event "Junior Online 4NCL Division 4"]
[Site "online"]
[Date "2022.01.20"]
[EventDate "2022.01.20"]
[Round "1.152"]
[White "McAllister, Frazer"]
[WhiteElo "850"]
[WhiteTeam "Knights of Fishponds"]
[Black "Arun, Saiarya"]
[BlackElo "935"]
[BlackTeam "Cambridge Chess & Go B"]
[Result "0-1"]
[PlyCount "36"]

1. d4 d5 2. Nf3 Nc6 3. c4 dxc4 4. e4 Bg4 5. Be3 e6 6. Bxc4 Bb4+ 7. Nc3 Nf6 8. e5 Ne4 9. Qb3 O-O 10. a3 Ba5 11. Qc2 Bf5 12. Qc1 Qd7 13. b4 Bb6 14. Nxe4 Bxe4 15. Qd2 a5 16. b5 Ne7 17. Bd3 a4 18. Bxe4 Ba5 0-1

[Event "Junior Online 4NCL Division 4"]
[Site "online"]
[Date "2022.01.20"]
[EventDate "2022.01.20"]
[Round "1.153"]
[White "Bhaskar, Pratyush"]
[WhiteElo "907"]
[WhiteTeam "Cambridge Chess & Go B"]
[Black "Huke, Senna"]
[BlackElo "850"]
[BlackTeam "Knights of Fishponds"]
[Result "1-0"]
[PlyCount "59"]

1. e4 Nf6 2. Nc3 Nc6 3. Nf3 g6 4. d4 Bg7 5. e5 Ng4 6. Bc4 d6 7. exd6 exd6 8. O-O Be6 9. Bxe6 fxe6 10. Qe1 O-O 11. Bg5 Qe8 12. d5 Na5 13. Qd1 Rd8 14. Re1 Qf7 15. dxe6 Qe8 16. Bxd8 Qxd8 17. e7 Qe8 18. Nd5 Nc4 19. Nxc7 Qc8 20. exf8=Q+ Kxf8 21. Re8+ Kf7 22. Rxc8 h5 23. Ng5+ Kf6 24. Nh7+ Kf5 25. Qf3+ Ke5 26. Nd5 Kd4 27. Nb4 Nge5 28. Rd1+ Nd3 29. Rxd3+ Ke5 30. Re8# 1-0

[Event "Junior Online 4NCL Division 4"]
[Site "online"]
[Date "2022.01.20"]
[EventDate "2022.01.20"]
[Round "1.154"]
[White "Platt, Bella"]
[WhiteElo "740"]
[WhiteTeam "Knights of Fishponds"]
[Black "Vysohlid, Peter"]
[BlackElo "886"]
[BlackTeam "Cambridge Chess & Go B"]
[Result "0-1"]
[PlyCount "38"]

1. e4 e5 2. Nf3 Nc6 3. Nc3 Nf6 4. Nxe5 Nxe5 5. d4 Nc6 6. d5 Ne5 7. f4 Ng6 8. e5 Nxf4 9. exf6 Qxf6 10. Qf3 Qe5+ 11. Ne2 Bc5 12. Qc3 Bd4 13. Qg3 Nxe2 14. Bxe2 O-O 15. Bf4 Qxd5 16. Bxc7 Re8 17. O-O-O Rxe2 18. Qf3 Qb5 19. Rhe1 Qxb2# 0-1

[Event "Junior Online 4NCL Division 4"]
[Site "online"]
[Date "2022.01.20"]
[EventDate "2022.01.20"]
[Round "1.155"]
[White "Walker, Rhys"]
[WhiteElo "875"]
[WhiteTeam "Knights of Fishponds"]
[Black "Syed-Hoque, Yaqub"]
[BlackElo "1179"]
[BlackTeam "Cambridge Chess & Go B"]
[Result "0-1"]
[PlyCount "38"]

1. e4 e6 2. d4 d5 3. e5 c5 4. Nf3 cxd4 5. Nxd4 Bc5 6. c3 Qb6 7. Be3 Qxb2 8. Nc2 Bxe3 9. fxe3 Ne7 10. Bb5+ Qxb5 11. Nd4 Qb6 12. Qa4+ Bd7 13. Nb5 Bxb5 14. Qxb5+ Qxb5 15. Na3 Qb2 16. Rd1 Qxc3+ 17. Ke2 Qxa3 18. Ke1 Nbc6 19. Rf1 Qxe3# 0-1

[Event "Junior Online 4NCL Division 4"]
[Site "online"]
[Date "2022.01.20"]
[EventDate "2022.01.20"]
[Round "1.157"]
[White "Huke, Senna"]
[WhiteElo "850"]
[WhiteTeam "Knights of Fishponds"]
[Black "Bhaskar, Pratyush"]
[BlackElo "907"]
[BlackTeam "Cambridge Chess & Go B"]
[Result "0-1"]
[PlyCount "38"]

1. d4 d5 2. Nc3 Nf6 3. e3 Nc6 4. Bb5 e6 5. Nf3 Bb4 6. a3 Bxc3+ 7. bxc3 Ne4 8. O-O O-O 9. Bxc6 bxc6 10. Rb1 Qf6 11. Nd2 Nxd2 12. Qxd2 Qg6 13. g4 e5 14. f3 exd4 15. exd4 f5 16. Qe2 fxg4 17. fxg4 Bxg4 18. Qd2 Bh3+ 19. Kh1 Rxf1# 0-1

[Event "Junior Online 4NCL Division 4"]
[Site "online"]
[Date "2022.01.20"]
[EventDate "2022.01.20"]
[Round "1.158"]
[White "Vysohlid, Peter"]
[WhiteElo "886"]
[WhiteTeam "Cambridge Chess & Go B"]
[Black "Platt, Bella"]
[BlackElo "740"]
[BlackTeam "Knights of Fishponds"]
[Result "1-0"]
[PlyCount "41"]

1. e4 c5 2. Nf3 Nf6 3. d4 cxd4 4. Nxd4 e5 5. Nf3 Nc6 6. Nc3 Bc5 7. Bb5 a6 8. Bxc6 dxc6 9. O-O Bg4 10. Na4 b5 11. Nxc5 O-O 12. Nb7 Qxd1 13. Rxd1 Nxe4 14. Nxe5 Bxd1 15. Bf4 Bxc2 16. Nxc6 Rab8 17. Nxb8 Rd8 18. Nxd8 Nd2 19. Nxa6 Nc4 20. Re1 Nd2 21. Re8# 1-0

[Event "Junior Online 4NCL Division 4"]
[Site "online"]
[Date "2022.02.03"]
[EventDate "2022.02.03"]
[Round "2.11"]
[White "Tripathi, Advait"]
[WhiteElo "973"]
[WhiteTeam "Watford C"]
[Black "Stapleton, Dean"]
[BlackElo "1256"]
[BlackTeam "Robin Hoods 2"]
[Result "1-0"]
[PlyCount "57"]

1. e4 e5 2. d4 exd4 3. c3 Nc6 4. Bc4 Bc5 5. Nf3 d6 6. cxd4 Bb4+ 7. Nbd2 Bg4 8. d5 Bxd2+ 9. Bxd2 Ne5 10. Be2 Qf6 11. Nxe5 Bxe2 12. Qxe2 Qxe5 13. O-O Nf6 14. Rac1 Rc8 15. Be3 b6 16. Bd2 O-O 17. f3 Qxb2 18. Rfe1 Qxa2 19. Bc3 Nd7 20. Qxa2 Rfe8 21. Qxa7 Nc5 22. Qa1 Nd3 23. Bxg7 Nxe1 24. Bh8 Kf8 25. Qg7+ Ke7 26. Qf6+ Kd7 27. Qxf7+ Kd8 28. Bf6+ Re7 29. Qxe7# 1-0

[Event "Junior Online 4NCL Division 4"]
[Site "online"]
[Date "2022.02.03"]
[EventDate "2022.02.03"]
[Round "2.12"]
[White "Tomsett, Jonah"]
[WhiteElo "1240"]
[WhiteTeam "Robin Hoods 2"]
[Black "Koripalli, Pooja"]
[BlackElo "881"]
[BlackTeam "Watford C"]
[Result "0-1"]
[PlyCount "36"]

1. e4 e5 2. Nf3 Nc6 3. Bc4 Bc5 4. c3 Nf6 5. d4 exd4 6. cxd4 Nxd4 7. Nxd4 Nxe4 8. Nc3 Nxc3 9. bxc3 Qf6 10. O-O O-O 11. Re1 Bd6 12. Bb3 c5 13. Nf3 Bb8 14. Bb2 Qf4 15. c4 b6 16. Bc2 Bb7 17. g3 Qxf3 18. Qxd7 Qg2# 0-1

[Event "Junior Online 4NCL Division 4"]
[Site "online"]
[Date "2022.02.03"]
[EventDate "2022.02.03"]
[Round "2.14"]
[White "Handa, Yash"]
[WhiteElo "1099"]
[WhiteTeam "Robin Hoods 2"]
[Black "Balakrishnan, Akshata"]
[BlackElo "792"]
[BlackTeam "Watford C"]
[Result "0-1"]
[PlyCount "46"]

1. e4 e5 2. Nf3 Nc6 3. Bc4 Bc5 4. Nc3 Nf6 5. d3 O-O 6. O-O d6 7. h4 Bg4 8. Bg5 h6 9. Bxf6 Qxf6 10. Nd5 Qd8 11. Qe2 Nd4 12. Qd1 Nxf3+ 13. gxf3 Bh3 14. Re1 Qxh4 15. Kh1 Bg4+ 16. Kg2 Qxf2+ 17. Kh1 Bxf3+ 18. Qxf3 Qxf3+ 19. Kh2 Bf2 20. Ne7+ Kh7 21. Nf5 g6 22. Ne3 Qg3+ 23. Kh1 Qh3# 0-1